|
|
|
|
| LEADER |
01191nam a22003372a 4500 |
| 001 |
001659061 |
| 003 |
CZ BrMZK |
| 005 |
20190411142137.0 |
| 007 |
ta |
| 008 |
181204s1959 xr er|||||||||||fre d |
| 015 |
|
|
|a cnb000469166
|
| 035 |
|
|
|a (OCoLC)85328666
|
| 040 |
|
|
|a ABA001
|b cze
|c HKA001
|d ABA001
|d BOA001
|
| 041 |
1 |
|
|a fre
|h cze
|
| 072 |
|
7 |
|a 338.3/.4
|x Hospodářská a výrobní odvětví
|2 Konspekt
|9 4
|
| 080 |
|
|
|a 338.486.21
|2 MRF
|
| 080 |
|
|
|a (437)
|2 MRF
|
| 080 |
|
|
|a (036)
|2 MRF
|
| 245 |
0 |
0 |
|a Travel news - Čedok :
|b Visitez la Tchécoslovaquie en voiture à ľoccasion de la Foire Internationale d'Echantillons à Brno : [Turistický zpravodaj pro cestující autem]
|
| 260 |
|
|
|a Praha :
|b Čedok,
|c 1959
|
| 300 |
|
|
|a 32 s. ;
|c 8°
|
| 500 |
|
|
|a Přeloženo z češtiny
|
| 500 |
|
|
|a Seznam autoopraven
|
| 610 |
2 |
7 |
|a Čedok
|7 kn20010725013
|
| 650 |
0 |
7 |
|a cestovní kanceláře
|7 ph119111
|z Československo
|2 czenas
|
| 655 |
|
7 |
|a informační publikace
|7 fd132454
|2 czenas
|
| 710 |
2 |
|
|a Čedok
|7 kn20010725013
|
| 910 |
|
|
|a BOA001
|b X-0430.191
|
| 990 |
|
|
|a BK
|
| 991 |
|
|
|b 201812
|
| 996 |
6 |
|
|b 2618966491
|c X-0430.191
|l MZK
|r Sklad / do 24 hodin
|n 0
|w 001698112
|u 000010
|a 1
|e BOA001
|j MZK50
|s P
|